[Event "Gatineau CEH 31 Aniv-A"]
[Site "Gatineau CAN"]
[Date "2010.09.21"]
[Round "2"]
[White "Scantland, Patrick"]
[Black "Groleau, Gilles"]
[Result "0-1"]
[WhiteElo "1728"]
[BlackElo "1942"]
[PlyCount "110"]
[EventDate "2010.09.14"]
[EventType "tourn"]
[EventRounds "5"]
[EventCountry "CAN"]
[Source "ChessBase"]
[SourceDate "2011.11.26"]

1. Nf3 Nf6 2. c4 c5 3. Nc3 Nc6 4. g3 b6 5. Bg2 Bb7 6. O-O e6 7. d3 Be7 8. b3
O-O 9. Bb2 d6 10. e3 a6 11. Re1 Qc7 12. a3 Rfd8 13. d4 cxd4 14. exd4 d5 15.
cxd5 Nxd5 16. Nxd5 Rxd5 17. Qc2 Rc8 18. Rac1 Rd7 19. Qe2 Qb8 20. h4 Rdc7 21.
Bh3 Nd8 22. Rxc7 Qxc7 23. Rc1 Qd6 24. Rxc8 Bxc8 25. Ne5 Bb7 26. Bg2 Bxg2 27.
Kxg2 Qd5+ 28. Qf3 Bd6 29. Qxd5 exd5 30. Nd7 Bc7 31. Ne5 Bxe5 32. dxe5 Nc6 33.
f4 Kf8 34. g4 Ke7 35. Kf3 g6 36. Bc3 Ke6 37. Ke3 b5 38. Kd3 a5 39. Bd4 a4 40.
b4 Nd8 41. Ke3 Nc6 42. Bc5 h5 43. Kf3 hxg4+ 44. Kxg4 d4 45. Kg5 d3 46. Be3 Nd4
47. Kg4 Nf5 48. Bd2 Kd5 49. h5 Nh6+ 50. Kg5 gxh5 51. Kxh5 Nf5 52. Kg4 Nd4 53.
Kg3 Nc2 54. Bc1 Nxa3 55. Kf3 Nc2 0-1

[Event "Gatineau CEH 31 Aniv-A"]
[Site "Gatineau CAN"]
[Date "2010.09.28"]
[Round "3"]
[White "Arsenault, Michel"]
[Black "Scantland, Patrick"]
[Result "1-0"]
[WhiteElo "1789"]
[BlackElo "1728"]
[PlyCount "49"]
[EventDate "2010.09.14"]
[EventType "tourn"]
[EventRounds "5"]
[EventCountry "CAN"]
[Source "ChessBase"]
[SourceDate "2011.11.26"]

1. c4 g6 2. g3 Bg7 3. Bg2 c5 4. e3 e6 5. Ne2 Ne7 6. Nbc3 d6 7. d4 cxd4 8. Nxd4
a6 9. O-O Nbc6 10. Nde2 O-O 11. Qd2 Qc7 12. b3 b6 13. Ba3 Rd8 14. Rac1 Bb7 15.
Rfd1 Nf5 16. Nf4 Ne5 17. Ne4 Qd7 18. Nd3 d5 19. Nxe5 Bxe5 20. Bb2 Bg7 21. Bxg7
Kxg7 22. Qb2+ d4 23. g4 Bxe4 24. Bxe4 Nh4 25. Rxd4 1-0

[Event "Gatineau CEH 31 Aniv-A"]
[Site "Gatineau CAN"]
[Date "2010.09.28"]
[Round "3"]
[White "Guimond, Michel"]
[Black "Brousseau, Yvan"]
[Result "1/2-1/2"]
[WhiteElo "1916"]
[BlackElo "2043"]
[PlyCount "59"]
[EventDate "2010.09.14"]
[EventType "tourn"]
[EventRounds "5"]
[EventCountry "CAN"]
[Source "ChessBase"]
[SourceDate "2011.11.26"]

1. e4 e5 2. Bc4 Nc6 3. a3 Nf6 4. d3 d6 5. Nc3 Be6 6. Nd5 Be7 7. b4 a6 8. Bb2
O-O 9. Ne2 b5 10. Bb3 Nb8 11. f4 Bxd5 12. exd5 Ng4 13. Qd2 exf4 14. Nxf4 Bh4+
15. g3 Re8+ 16. Ne6 Bf6 17. O-O fxe6 18. dxe6 Qe7 19. Rxf6 Nxf6 20. g4 c6 21.
Rf1 d5 22. g5 Nh5 23. Qe2 Qxg5+ 24. Kh1 Nf4 25. Qf3 Qg2+ 26. Qxg2 Nxg2 27. Rf7
Ne3 28. Rxg7+ Kf8 29. Rf7+ Kg8 30. Rg7+ 1/2-1/2

[Event "Gatineau CEH 31 Aniv-A"]
[Site "Gatineau CAN"]
[Date "2010.09.28"]
[Round "3"]
[White "Scantland, Patrick"]
[Black "Danilov, Alex"]
[Result "0-1"]
[WhiteElo "1728"]
[BlackElo "1895"]
[PlyCount "96"]
[EventDate "2010.09.14"]
[EventType "tourn"]
[EventRounds "5"]
[EventCountry "CAN"]
[Source "ChessBase"]
[SourceDate "2011.11.26"]

1. d4 Nf6 2. c4 e6 3. Nc3 Bb4 4. Qc2 O-O 5. a3 Bxc3+ 6. Qxc3 b5 7. f3 bxc4 8.
Qxc4 Ba6 9. Qc2 d6 10. e4 Bxf1 11. Kxf1 Nbd7 12. Bg5 h6 13. Bh4 c5 14. Ne2 Rc8
15. dxc5 Rxc5 16. Nc3 d5 17. exd5 exd5 18. Qd3 Qc8 19. Bxf6 Nxf6 20. Qd4 Rc4
21. Qxa7 Rd8 22. Kf2 Qf5 23. Rhe1 d4 24. Rad1 Qc8 25. Ne4 Nxe4+ 26. Rxe4 Rc2+
27. Kg3 Rxg2+ 28. Kxg2 Qc2+ 29. Kg3 Qxd1 30. Qe7 Qg1+ 31. Kh3 Rf8 32. Re1 Qf2
33. Qe2 Qxe2 34. Rxe2 Rd8 35. Rd2 Kf8 36. Kg4 Ke7 37. Kf5 g6+ 38. Ke4 f5+ 39.
Ke5 d3 40. h4 Rd6 41. Kf4 Rd4+ 42. Kg3 Ke6 43. f4 Kd5 44. Kf3 Kc4 45. Ke3 Re4+
46. Kf3 Kd4 47. a4 Re1 48. Kf2 Ra1 0-1

[Event "Gatineau CEH 31 Aniv-A"]
[Site "Gatineau CAN"]
[Date "2010.10.05"]
[Round "4"]
[White "Arsenault, Michel"]
[Black "Guimond, Michel"]
[Result "1-0"]
[WhiteElo "1789"]
[BlackElo "1916"]
[PlyCount "89"]
[EventDate "2010.09.14"]
[EventType "tourn"]
[EventRounds "5"]
[EventCountry "CAN"]
[Source "ChessBase"]
[SourceDate "2011.11.26"]

1. c4 e5 2. g3 Bc5 3. Bg2 Nc6 4. e3 d6 5. Ne2 Be6 6. O-O Bxc4 7. d4 Bb6 8. Nbc3
Qd7 9. dxe5 Nxe5 10. Bxb7 c6 11. Bxa8 Ne7 12. b3 Qh3 13. f3 Bd3 14. Rf2 g5 15.
Kh1 O-O 16. Ng1 Qh6 17. f4 Nf5 18. fxe5 Nxg3+ 19. Kg2 Ne4 20. Nxe4 Bxe4+ 21.
Kf1 Rxa8 22. exd6 Rd8 23. d7 Qe6 24. Qh5 Rxd7 25. Qxg5+ Bg6 26. Bd2 Rd5 27. Qg3
Re5 28. Re1 Bd8 29. Nf3 Rd5 30. Nd4 Qe4 31. Nf3 Kf8 32. Qf4 Qe6 33. e4 Qh3+ 34.
Kg1 Rh5 35. Qd6+ Be7 36. Qb8+ Kg7 37. Bc3+ Kh6 38. Qf4+ Bg5 39. Bg7+ Kxg7 40.
Nxg5 Qd7 41. Ref1 Qe7 42. Nxf7 Rh4 43. Qe5+ Qxe5 44. Nxe5 Rh5 45. Nxg6 1-0

[Event "Gatineau CEH 31 Aniv-A"]
[Site "Gatineau CAN"]
[Date "2010.10.05"]
[Round "4"]
[White "Brousseau, Yvan"]
[Black "Groleau, Gilles"]
[Result "1/2-1/2"]
[WhiteElo "2043"]
[BlackElo "1942"]
[PlyCount "133"]
[EventDate "2010.09.14"]
[EventType "tourn"]
[EventRounds "5"]
[EventCountry "CAN"]
[Source "ChessBase"]
[SourceDate "2011.11.26"]

1. b3 d5 2. Bb2 Bg4 3. Nf3 Bxf3 4. exf3 e6 5. Qe2 c6 6. g3 Nf6 7. Bg2 Nbd7 8.
O-O Bd6 9. d3 O-O 10. f4 Qc7 11. d4 a5 12. Nd2 a4 13. a3 b5 14. Rfc1 Rfb8 15.
b4 Nb6 16. Re1 Nfd7 17. Qg4 Nf8 18. h4 f5 19. Qh5 g6 20. Qf3 h5 21. Bf1 Re8 22.
Bd3 Nc4 23. Bxc4 bxc4 24. Re2 Qd7 25. Re3 Re7 26. Qe2 Nh7 27. Nf3 Rae8 28. Ne5
Bxe5 29. dxe5 Nf8 30. Bd4 Qb7 31. Bc5 Rf7 32. c3 Nd7 33. Bd6 Nb8 34. Rb1 Qb5
35. Qd1 Na6 36. Qc2 Kh7 37. Kh2 Rb7 38. Ree1 Nc7 39. Rg1 Qa6 40. Bxc7 Rxc7 41.
f3 Rf7 42. Rb2 Qa7 43. Rd1 Rb8 44. Kg2 Rb5 45. Qf2 Qxf2+ 46. Kxf2 Kg7 47. Ke3
Rfb7 48. Rdd2 Kf7 49. Rb1 Ke8 50. Rg1 c5 51. g4 hxg4 52. fxg4 Rh7 53. gxf5 gxf5
54. Rg8+ Kf7 55. Rdg2 d4+ 56. Kd2 cxb4 57. cxb4 Rb7 58. h5 Re7 59. R2g5 Re8 60.
R8g6 Reh8 61. Rf6+ Ke7 62. Rgg6 Rxh5 63. Rxe6+ Kf7 64. Ref6+ Ke8 65. Re6+ Kf7
66. Rgf6+ Kg8 67. Rg6+ 1/2-1/2

[Event "Gatineau CEH 31 Aniv-A"]
[Site "Gatineau CAN"]
[Date "2010.10.12"]
[Round "5"]
[White "Danilov, Alex"]
[Black "Brousseau, Yvan"]
[Result "1-0"]
[WhiteElo "1895"]
[BlackElo "2043"]
[PlyCount "53"]
[EventDate "2010.09.14"]
[EventType "tourn"]
[EventRounds "5"]
[EventCountry "CAN"]
[Source "ChessBase"]
[SourceDate "2011.11.26"]

1. c4 c6 2. b3 d5 3. Bb2 Nf6 4. g3 e6 5. Bg2 Bc5 6. d4 Bd6 7. Nf3 Nbd7 8. O-O
Ne4 9. Nbd2 f5 10. Ne5 Nxe5 11. dxe5 Bc5 12. Nf3 O-O 13. e3 Qc7 14. Rc1 Qe7 15.
Nd4 Bd7 16. f3 Ng5 17. h4 Nf7 18. f4 h6 19. cxd5 cxd5 20. Rf2 Bb6 21. Rfc2 g5
22. Qh5 Kg7 23. hxg5 Bxd4 24. gxh6+ Nxh6 25. Bxd4 b6 26. Bxd5 Be8 27. Rc7 1-0

[Event "Gatineau CEH 31 Aniv-A"]
[Site "Gatineau CAN"]
[Date "2010.10.12"]
[Round "5"]
[White "Groleau, Gilles"]
[Black "Arsenault, Michel"]
[Result "1-0"]
[WhiteElo "1942"]
[BlackElo "1789"]
[PlyCount "101"]
[EventDate "2010.09.14"]
[EventType "tourn"]
[EventRounds "5"]
[EventCountry "CAN"]
[Source "ChessBase"]
[SourceDate "2011.11.26"]

1. e4 c5 2. Nc3 Nc6 3. f4 g6 4. Nf3 Bg7 5. Bb5 Nd4 6. O-O e6 7. d3 a6 8. Ba4
Ne7 9. Nxd4 cxd4 10. Ne2 b5 11. Bb3 Bb7 12. Qe1 O-O 13. Qf2 Qb6 14. c3 a5 15.
Nxd4 a4 16. Bd1 b4 17. Be3 bxc3 18. bxc3 Ba6 19. Nf5 Qd8 20. Bb6 Qe8 21. Nxg7
Kxg7 22. Qd4+ Kg8 23. Bxa4 Bxd3 24. Rfd1 Rxa4 25. Qxa4 Qb8 26. Rxd3 Qxb6+ 27.
Qd4 Qb2 28. c4 Qe2 29. Rd2 Qg4 30. Rf1 Nc6 31. Qe3 Ra8 32. h3 Qh4 33. Rxd7 Rxa2
34. Rd2 Rxd2 35. Qxd2 e5 36. Qf2 Qxf2+ 37. Rxf2 exf4 38. Rxf4 Ne5 39. c5 Kf8
40. Rf2 Ke7 41. Rd2 h5 42. Kf1 Nc4 43. Rd4 Na5 44. Ke2 Nc6 45. Rd1 Na5 46. Ke3
Nc6 47. Rd6 Na5 48. Ra6 Nb3 49. Ra7+ Ke8 50. c6 Nc5 51. Ra8+ 1-0

[Event "Gatineau CEH 31 Aniv-A"]
[Site "Gatineau CAN"]
[Date "2010.10.12"]
[Round "5"]
[White "Guimond, Michel"]
[Black "Scantland, Patrick"]
[Result "1-0"]
[WhiteElo "1916"]
[BlackElo "1728"]
[PlyCount "47"]
[EventDate "2010.09.14"]
[EventType "tourn"]
[EventRounds "5"]
[EventCountry "CAN"]
[Source "ChessBase"]
[SourceDate "2011.11.26"]

1. e4 c5 2. Nf3 d6 3. d4 cxd4 4. Nxd4 Nf6 5. Nc3 a6 6. Bc4 e6 7. a4 Be7 8. Bb3
O-O 9. O-O Nc6 10. f4 Nxd4 11. Qxd4 Qc7 12. Kh1 Bd7 13. f5 exf5 14. exf5 Rad8
15. Bg5 h6 16. Bh4 Bc6 17. Rae1 d5 18. Rf3 Ne4 19. f6 Bc5 20. Qd3 Rfe8 21. Nxd5
Bxd5 22. Bxd5 g5 23. Rxe4 gxh4 24. Rxe8+ 1-0

[Event "Gatineau CEH 31 Aniv-B"]
[Site "Gatineau CAN"]
[Date "2010.09.14"]
[Round "1"]
[White "Lavergne, Daniel"]
[Black "Levesque, Andre"]
[Result "1-0"]
[WhiteElo "1632"]
[BlackElo "1367"]
[PlyCount "94"]
[EventDate "2010.09.14"]
[EventType "swiss"]
[EventRounds "5"]
[EventCountry "CAN"]
[Source "ChessBase"]
[SourceDate "2011.11.26"]

1. e4 c5 2. Nf3 Nc6 3. d4 cxd4 4. Nxd4 g6 5. c4 Nf6 6. Nc3 Bg7 7. Be3 O-O 8. f3
d6 9. Qd2 Bd7 10. Rb1 Rc8 11. Be2 a6 12. O-O Re8 13. Nc2 Qc7 14. Rfc1 Ne5 15.
b3 b5 16. Nd5 Nxd5 17. cxd5 e6 18. Nd4 Qb7 19. f4 exd5 20. fxe5 dxe5 21. Nf3 d4
22. Bh6 Bxh6 23. Qxh6 Qxe4 24. Qxh7+ Kf8 25. Qh8+ Ke7 26. Qxe5+ Kd8 27. Rxc8+
Kxc8 28. Rc1+ Kd8 29. Qxe4 Rxe4 30. Bd3 Re3 31. Rd1 Bc6 32. Nxd4 Be4 33. Bxe4
Rxe4 34. Nxb5+ Ke7 35. Nc3 Re5 36. Rd3 f5 37. Kf2 g5 38. Re3 Ke6 39. Na4 Kd5
40. Nb6+ Kd4 41. Rxe5 Kxe5 42. Ke3 f4+ 43. Kf3 Kd4 44. Na4 a5 45. Kg4 Ke3 46.
Kxg5 f3 47. gxf3 Kxf3 1-0

[Event "Gatineau CEH 31 Aniv-B"]
[Site "Gatineau CAN"]
[Date "2010.09.14"]
[Round "1"]
[White "Levesque, Andre"]
[Black "Morel, Joseph"]
[Result "1-0"]
[WhiteElo "1367"]
[BlackElo "1367"]
[PlyCount "95"]
[EventDate "2010.09.14"]
[EventType "swiss"]
[EventRounds "5"]
[EventCountry "CAN"]
[Source "ChessBase"]
[SourceDate "2011.11.26"]

1. e4 e6 2. d4 d5 3. e5 c5 4. c3 Nc6 5. Nf3 cxd4 6. cxd4 Nge7 7. Bb5 a6 8. Be2
Nf5 9. O-O Be7 10. Na3 O-O 11. Nc2 b5 12. Ne3 Nxe3 13. Bxe3 Bb7 14. Qc1 Rc8 15.
a3 Nxd4 16. Qd1 Nc2 17. Rc1 Nxe3 18. fxe3 Qb6 19. Nd4 Rc7 20. Rxc7 Qxc7 21. Nf3
Rc8 22. Qe1 Qc2 23. Qf2 Qg6 24. h4 h5 25. Nd4 f6 26. exf6 Bxf6 27. Nxe6 Bxh4
28. Qxh4 Qxe6 29. Qf4 Qg6 30. Qh2 Kh7 31. Bxh5 Qh6 32. Qh3 Kg8 33. Qf3 Kh8 34.
g4 Ba8 35. Qf5 Qxe3+ 36. Kh2 Rc2+ 37. Qxc2 Qe5+ 38. Kh3 Qe3+ 39. Kh2 Qe5+ 40.
Kg1 Qg3+ 41. Qg2 Qb8 42. Bg6 Qb6+ 43. Rf2 Qxg6 44. Rf8+ Kh7 45. Qh2+ Qh6 46.
Qxh6+ Kxh6 47. Rxa8 Kg5 48. Rxa6 1-0

[Event "Gatineau CEH 31 Aniv-B"]
[Site "Gatineau CAN"]
[Date "2010.09.14"]
[Round "1"]
[White "MacIsaac, Alexandre"]
[Black "Lacourse, Guy"]
[Result "0-1"]
[WhiteElo "1675"]
[BlackElo "1717"]
[PlyCount "72"]
[EventDate "2010.09.14"]
[EventType "swiss"]
[EventRounds "5"]
[EventCountry "CAN"]
[Source "ChessBase"]
[SourceDate "2011.11.26"]

1. e4 c5 2. Nf3 d6 3. d4 cxd4 4. Nxd4 Nf6 5. Nc3 a6 6. Be3 e5 7. Nf3 b5 8. Bd3
Be7 9. O-O Bb7 10. a3 Nbd7 11. Re1 O-O 12. Bg5 Rc8 13. Nh4 Re8 14. Nf5 Qc7 15.
Nxe7+ Rxe7 16. Rc1 Rb8 17. Ne2 Ree8 18. Ng3 h6 19. Bd2 Nc5 20. Bb4 a5 21. Bxb5
axb4 22. Bxe8 Nxe8 23. axb4 Ne6 24. c3 Ba6 25. Ra1 Bb7 26. Qc2 Nf6 27. Qd2 Ng5
28. f3 Ne6 29. Nf5 d5 30. exd5 Nxd5 31. Ra5 Rd8 32. Qe2 f6 33. g3 Ng5 34. Rf1
Kf7 35. Ra7 Qb6+ 36. Qf2 Nh3+ 0-1

[Event "Gatineau CEH 31 Aniv-B"]
[Site "Gatineau CAN"]
[Date "2010.09.14"]
[Round "1"]
[White "Menard, Marc"]
[Black "Pepin, Christian"]
[Result "0-1"]
[WhiteElo "1573"]
[BlackElo "1950"]
[PlyCount "58"]
[EventDate "2010.09.14"]
[EventType "swiss"]
[EventRounds "5"]
[EventCountry "CAN"]
[Source "ChessBase"]
[SourceDate "2011.11.26"]

1. e4 c5 2. Nf3 Nc6 3. d4 cxd4 4. Nxd4 e5 5. Nf5 d6 6. Bb5 a6 7. Ba4 Nf6 8. Nc3
Bxf5 9. exf5 d5 10. O-O d4 11. Ne2 Bc5 12. Ng3 O-O 13. Re1 Re8 14. Ne4 Nxe4 15.
Rxe4 b5 16. Bb3 Na5 17. Qf3 Nc4 18. a4 Nd6 19. Re2 e4 20. Qh5 Qf6 21. g4 d3 22.
cxd3 exd3 23. Rxe8+ Rxe8 24. Kf1 Qd4 25. Be3 Qe4 26. Kg1 Bxe3 27. fxe3 Qxe3+
28. Kf1 Qf3+ 29. Kg1 Re2 0-1

[Event "Gatineau CEH 31 Aniv-B"]
[Site "Gatineau CAN"]
[Date "2010.09.14"]
[Round "1"]
[White "Morel, Joseph"]
[Black "Farah, Liban"]
[Result "0-1"]
[WhiteElo "1367"]
[BlackElo "1604"]
[PlyCount "62"]
[EventDate "2010.09.14"]
[EventType "swiss"]
[EventRounds "5"]
[EventCountry "CAN"]
[Source "ChessBase"]
[SourceDate "2011.11.26"]

1. e4 c5 2. Nf3 d6 3. d4 cxd4 4. Nxd4 Nf6 5. Nc3 a6 6. Be2 e6 7. O-O Be7 8. Bg5
O-O 9. a3 Qc7 10. Qd2 Nbd7 11. Rad1 b5 12. f4 Bb7 13. Bd3 Nc5 14. Qe2 h6 15.
Bh4 Rac8 16. e5 dxe5 17. fxe5 Nd5 18. Nxd5 Bxd5 19. Bxe7 Qxe7 20. c4 bxc4 21.
Bxc4 Bxc4 22. Qxc4 Qg5 23. Nf3 Qe3+ 24. Kh1 Ne4 25. Qxa6 Nf2+ 26. Rxf2 Qxf2 27.
b4 Rc2 28. Rg1 Rfc8 29. Qb5 Rc1 30. a4 Rxg1+ 31. Nxg1 Rc1 0-1

[Event "Gatineau CEH 31 Aniv-B"]
[Site "Gatineau CAN"]
[Date "2010.09.14"]
[Round "1"]
[White "Thibault, Mario"]
[Black "Beland, Guy"]
[Result "1-0"]
[WhiteElo "1792"]
[BlackElo "1404"]
[PlyCount "75"]
[EventDate "2010.09.14"]
[EventType "swiss"]
[EventRounds "5"]
[EventCountry "CAN"]
[Source "ChessBase"]
[SourceDate "2011.11.26"]

1. Nf3 Nc6 2. g3 e5 3. d3 d6 4. Bg2 Be7 5. O-O f5 6. c4 Nf6 7. Nc3 O-O 8. Rb1
f4 9. b4 Qd7 10. b5 Nd8 11. Ng5 h6 12. Nge4 Ne6 13. a4 Rb8 14. a5 b6 15. Nxf6+
Bxf6 16. a6 Kh8 17. e3 g5 18. Nd5 Qg7 19. Nxf6 Qxf6 20. Bb2 Ng7 21. exf4 gxf4
22. d4 f3 23. dxe5 dxe5 24. Bh1 Bg4 25. Re1 Rbe8 26. Qd5 Rf7 27. Bxe5 Rfe7 28.
Qd4 Rxe5 29. Rxe5 Rxe5 30. Qxg4 Rf5 31. Qe4 h5 32. h4 Ne6 33. Re1 Nd4 34. Qa8+
Kg7 35. Qxa7 Ne2+ 36. Kh2 Nxg3 37. Qxc7+ Kg6 38. Qxg3+ 1-0

[Event "Gatineau CEH 31 Aniv-B"]
[Site "Gatineau CAN"]
[Date "2010.09.21"]
[Round "2"]
[White "Arsenault, Yves"]
[Black "Jiang, Qizhe"]
[Result "1-0"]
[WhiteElo "1506"]
[BlackElo "1252"]
[PlyCount "60"]
[EventDate "2010.09.14"]
[EventType "swiss"]
[EventRounds "5"]
[EventCountry "CAN"]
[Source "ChessBase"]
[SourceDate "2011.11.26"]

1. e4 d6 2. d4 g6 3. Nc3 Bg7 4. Nf3 Nf6 5. Bc4 O-O 6. O-O Nbd7 7. Re1 Nb6 8.
Bb3 Bg4 9. h3 Bxf3 10. Qxf3 e5 11. dxe5 dxe5 12. Bg5 Nbd7 13. Rad1 c6 14. Rd2
Qe7 15. Red1 Rad8 16. a3 h6 17. Be3 b6 18. Ba2 Nh5 19. Qg4 Ndf6 20. Qxg6 Nf4
21. Bxf4 exf4 22. Rxd8 Rxd8 23. Rxd8+ Qxd8 24. Qxf7+ Kh8 25. e5 Nd5 26. Nxd5
cxd5 27. e6 Bf6 28. Bxd5 Qe7 29. Qg6 Qg7 30. Qe8+ Kh7 1-0

[Event "Gatineau CEH 31 Aniv-B"]
[Site "Gatineau CAN"]
[Date "2010.09.21"]
[Round "2"]
[White "Beland, Guy"]
[Black "Morel, Joseph"]
[Result "1-0"]
[WhiteElo "1404"]
[BlackElo "1367"]
[PlyCount "43"]
[EventDate "2010.09.14"]
[EventType "swiss"]
[EventRounds "5"]
[EventCountry "CAN"]
[Source "ChessBase"]
[SourceDate "2011.11.26"]

1. e4 e6 2. d4 d5 3. Nc3 c5 4. Nf3 Nc6 5. e5 cxd4 6. Nxd4 Nxe5 7. Be2 Nf6 8.
Bg5 Be7 9. O-O a6 10. b3 O-O 11. f4 Nc6 12. Bf3 Bc5 13. Nce2 e5 14. fxe5 Nxe5
15. c3 Qd6 16. Bxf6 Qxf6 17. Bxd5 Qd6 18. Nf4 Kh8 19. Kh1 g5 20. Nh5 Qxd5 21.
Nf6 Bg4 22. Qc2 1-0

[Event "Gatineau CEH 31 Aniv-B"]
[Site "Gatineau CAN"]
[Date "2010.09.21"]
[Round "2"]
[White "Chartier, Anthony"]
[Black "Menard, Marc"]
[Result "1-0"]
[WhiteElo "1157"]
[BlackElo "1573"]
[PlyCount "115"]
[EventDate "2010.09.14"]
[EventType "swiss"]
[EventRounds "5"]
[EventCountry "CAN"]
[Source "ChessBase"]
[SourceDate "2011.11.26"]

1. c4 e5 2. e3 Nf6 3. Nc3 Bb4 4. a3 Be7 5. Nge2 d5 6. cxd5 Nxd5 7. Nxd5 Qxd5 8.
Nc3 Qd8 9. g3 Be6 10. Bg2 c6 11. b4 O-O 12. Bb2 f5 13. O-O Bf6 14. Ne2 e4 15.
Bxf6 Qxf6 16. Rc1 a5 17. Qa4 Rd8 18. bxa5 Rxd2 19. Nd4 b5 20. Qb4 Ra2 21. Nxc6
Nxc6 22. Rxc6 Rc8 23. Qxb5 Rxc6 24. Qxc6 Kf7 25. Qc5 Qe7 26. Qxe7+ Kxe7 27. f3
Rxa3 28. fxe4 Rxa5 29. exf5 Bxf5 30. e4 Be6 31. Rb1 Ra4 32. e5 Ra5 33. Rb7+ Kf8
34. Be4 Rxe5 35. Bxh7 Re1+ 36. Kf2 Rh1 37. Rb8+ Ke7 38. h4 Bd5 39. Bg8 Rh2+ 40.
Ke3 Be6 41. Bxe6 Kxe6 42. Kf4 Rf2+ 43. Kg5 Rf3 44. g4 Rf6 45. Rb6+ Kf7 46.
Rxf6+ gxf6+ 47. Kh6 f5 48. gxf5 Kf6 49. h5 Kf7 50. Kg5 Kg7 51. h6+ Kf7 52. Kh5
Kf6 53. h7 Kg7 54. Kg5 Kh8 55. Kf4 Kxh7 56. Ke5 Kg7 57. Ke6 Kf8 58. Kf6 1-0

[Event "Gatineau CEH 31 Aniv-B"]
[Site "Gatineau CAN"]
[Date "2010.09.21"]
[Round "2"]
[White "Dagenais, Benoit"]
[Black "Thibault, Mario"]
[Result "1-0"]
[WhiteElo "1612"]
[BlackElo "1792"]
[PlyCount "59"]
[EventDate "2010.09.14"]
[EventType "swiss"]
[EventRounds "5"]
[EventCountry "CAN"]
[Source "ChessBase"]
[SourceDate "2011.11.26"]

1. g3 g6 2. Bg2 Bg7 3. Nf3 Nf6 4. d4 O-O 5. c4 c5 6. e3 cxd4 7. exd4 d6 8. O-O
Qc7 9. b3 Bg4 10. h3 Bxf3 11. Qxf3 Nc6 12. Bb2 Nd7 13. Rd1 Rfe8 14. Na3 a6 15.
Qe2 e5 16. Bxc6 Qxc6 17. d5 Qc5 18. Nc2 f5 19. Ba3 Qc7 20. Rab1 Rad8 21. b4 Nf6
22. c5 dxc5 23. bxc5 Nxd5 24. Qc4 Qf7 25. Ne3 Nxe3 26. Qxf7+ Kxf7 27. Rxb7+ Re7
28. Rxd8 Rxb7 29. fxe3 Bf8 30. Rxf8+ 1-0

[Event "Gatineau CEH 31 Aniv-B"]
[Site "Gatineau CAN"]
[Date "2010.09.21"]
[Round "2"]
[White "Farah, Liban"]
[Black "Cossette, Daniel"]
[Result "0-1"]
[WhiteElo "1604"]
[BlackElo "2010"]
[PlyCount "34"]
[EventDate "2010.09.14"]
[EventType "swiss"]
[EventRounds "5"]
[EventCountry "CAN"]
[Source "ChessBase"]
[SourceDate "2011.11.26"]

1. e4 c5 2. Nf3 Nc6 3. d4 cxd4 4. Nxd4 Nf6 5. Nc3 g6 6. Bc4 Bg7 7. Bb3 O-O 8.
Be3 a5 9. f3 d5 10. exd5 Nb4 11. Ndb5 Bd7 12. a3 a4 13. Bxa4 Rxa4 14. axb4 Rxb4
15. Qd3 Bxb5 16. Nxb5 Qxd5 17. Qxd5 Nxd5 0-1

[Event "Gatineau CEH 31 Aniv-B"]
[Site "Gatineau CAN"]
[Date "2010.09.21"]
[Round "2"]
[White "Pepin, Christian"]
[Black "Lavergne, Daniel"]
[Result "1-0"]
[WhiteElo "1950"]
[BlackElo "1632"]
[PlyCount "33"]
[EventDate "2010.09.14"]
[EventType "swiss"]
[EventRounds "5"]
[EventCountry "CAN"]
[Source "ChessBase"]
[SourceDate "2011.11.26"]

1. d4 f5 2. g4 d5 3. gxf5 Bxf5 4. Bf4 Nf6 5. Nf3 e6 6. Nbd2 c5 7. dxc5 Nc6 8.
c3 Bxc5 9. Rg1 Qe7 10. Nb3 Bb6 11. Nbd4 Ne4 12. e3 O-O-O 13. Nxc6 bxc6 14. Qa4
Rd7 15. Qxc6+ Rc7 16. Qa8+ Kd7 17. Bb5+ 1-0

[Event "Gatineau CEH 31 Aniv-B"]
[Site "Gatineau CAN"]
[Date "2010.09.28"]
[Round "3"]
[White "Berthiaume, Serge"]
[Black "MacIsaac, Alexandre"]
[Result "0-1"]
[WhiteElo "1357"]
[BlackElo "1675"]
[PlyCount "90"]
[EventDate "2010.09.14"]
[EventType "swiss"]
[EventRounds "5"]
[EventCountry "CAN"]
[Source "ChessBase"]
[SourceDate "2011.11.26"]

1. d4 Nf6 2. Nf3 e6 3. Bg5 h6 4. Bh4 Be7 5. e3 d5 6. c4 O-O 7. cxd5 exd5 8. Nc3
Bg4 9. Be2 Nbd7 10. Bxf6 Nxf6 11. O-O c6 12. Ne5 Be6 13. f4 Bf5 14. Bf3 Nd7 15.
Bg4 Nxe5 16. Bxf5 Nc4 17. Qe2 Bb4 18. a3 Bxc3 19. bxc3 Re8 20. Rf3 Qa5 21. Qd3
Re7 22. e4 dxe4 23. Bxe4 Nd6 24. Re3 Nxe4 25. Rxe4 Rxe4 26. Qxe4 Qxc3 27. Rb1
Qxa3 28. Rxb7 Qd6 29. Kf2 a5 30. Rb6 Rd8 31. Ke3 Qa3+ 32. Ke2 Qc3 33. Rxc6 Qxd4
34. Qxd4 Rxd4 35. g3 Kh7 36. Ke3 Ra4 37. Rc3 Rb4 38. Ra3 a4 39. Kd3 Rb3+ 40.
Rxb3 axb3 41. Kc3 Kg6 42. Kxb3 Kf5 43. Kc4 Kg4 44. Kd5 Kh3 45. Kd6 Kxh2 0-1

[Event "Gatineau CEH 31 Aniv-B"]
[Site "Gatineau CAN"]
[Date "2010.09.28"]
[Round "3"]
[White "Cossette, Daniel"]
[Black "Dagenais, Benoit"]
[Result "1-0"]
[WhiteElo "2010"]
[BlackElo "1612"]
[PlyCount "69"]
[EventDate "2010.09.14"]
[EventType "swiss"]
[EventRounds "5"]
[EventCountry "CAN"]
[Source "ChessBase"]
[SourceDate "2011.11.26"]

1. e4 Nf6 2. Nc3 d5 3. e5 d4 4. exf6 dxc3 5. fxg7 cxd2+ 6. Bxd2 Bxg7 7. Qf3
Bxb2 8. Rb1 Bg7 9. Bc4 O-O 10. Ne2 Nc6 11. Bc3 e5 12. O-O Qf6 13. Qxf6 Bxf6 14.
Bd5 Rd8 15. Rfd1 Nd4 16. Nxd4 Rxd5 17. Nb5 Rxd1+ 18. Rxd1 Bf5 19. f4 Bxc2 20.
Rd2 Be4 21. fxe5 Bg5 22. Rd1 c6 23. Nd6 Bd5 24. Rd3 Bf4 25. Nxb7 Bxa2 26. Rf3
Rb8 27. Nc5 Bh6 28. Rg3+ Bg7 29. e6 Rb1+ 30. Kf2 fxe6 31. Rxg7+ Kf8 32. Nd7+
Ke8 33. Nf6+ Kd8 34. Rxa7 Bc4 35. Rxh7 1-0

[Event "Gatineau CEH 31 Aniv-B"]
[Site "Gatineau CAN"]
[Date "2010.09.28"]
[Round "3"]
[White "Dagenais, Benoit"]
[Black "Lavergne, Daniel"]
[Result "1-0"]
[WhiteElo "1612"]
[BlackElo "1632"]
[PlyCount "103"]
[EventDate "2010.09.14"]
[EventType "swiss"]
[EventRounds "5"]
[EventCountry "CAN"]
[Source "ChessBase"]
[SourceDate "2011.11.26"]

1. g3 d5 2. Nf3 Nf6 3. d4 e6 4. Bg2 Bd6 5. O-O Nbd7 6. c4 b6 7. Nc3 Bb7 8. Nb5
dxc4 9. Qa4 a6 10. Nxd6+ cxd6 11. Qxc4 O-O 12. Bf4 Ne4 13. Ng5 Bd5 14. Qc2 Ndf6
15. Nxe4 Nxe4 16. f3 Nf6 17. e4 Rc8 18. Qd2 Bc4 19. Rfc1 Ne8 20. b3 Bb5 21.
Rxc8 Qxc8 22. Rc1 Qb7 23. a4 Bd7 24. Qb4 e5 25. dxe5 dxe5 26. Bxe5 Be6 27. Bd4
f5 28. Qxb6 Qxb6 29. Bxb6 fxe4 30. fxe4 Bxb3 31. a5 Nd6 32. Bf1 Nb5 33. Bxb5
axb5 34. a6 b4 35. a7 Ba4 36. Bc7 Ra8 37. Bb8 b3 38. Kf2 b2 39. Rb1 Bc2 40.
Rxb2 Bxe4 41. Ke3 Bh1 42. Rf2 h6 43. Kd4 Kh7 44. Kc5 Kg6 45. Kb6 Kh5 46. Rf7 g5
47. Rf6 Bg2 48. Rd6 Bh1 49. h3 g4 50. h4 Bf3 51. Kc7 Bg2 52. Kd8 1-0